Statistics for Dual Threat - Actors and Musicians

Click here to take the quiz!

General Stats

  • This quiz has been taken 946 times
    (129 since last reset)
  • The average score is 9 of 22

Answer Stats

Movie/TV Show Album Entertainer % Correct
8 MileRelapseEminem
84%
A League of Their OwnConfessions on a Dance FloorMadonna
59%
GigliRebirthJennifer Lopez
57%
Friends with BenefitsThe 20/20 ExperienceJustin Timberlake
54%
Viva Las VegasG.I. BluesElvis Presley
54%
Enemy of the StateBig Willie StyleWill Smith
51%
SpeedOur Little VisionaryKeanu Reeves
50%
Suicide Squad30 Seconds to MarsJared Leto
47%
BarbershopThe PredatorIce Cube
47%
Wizards of Waverly PlaceStars DanceSelena Gomez
46%
Knight RiderLooking For FreedomDavid Hasselhoff
46%
The JerkLove Has Come For YouSteve Martin
46%
Law & Order: SVUO.G.: Original GangsterIce-T
35%
The Big LebowskiBe Here SoonJeff Bridges
33%
House, M.D.Let Them TalkHugh Laurie
32%
Steel MagnoliasSlow Dancing with the MoonDolly Parton
31%
The Blind SideSouthern VoiceTim McGraw
27%
Pulp FictionIf It Don't Kill You, It Just Makes You StrongerBruce Willis
25%
3:10 to YumaMy Hand, My HeartRussell Crowe
23%
Dumb and DumberGrandfather's HatJeff Daniels
18%
The AvengersAnywhere I Lay My HeadScarlet Johansson
16%
BladeJesus was a CapricornKris Kristofferson
10%

Score Distribution

Percentile by Number Answered

Percent of People with Each Score

Your Score History

You have not taken this quiz since the last reset